000 00366nam a22001457a 4500
008 210427b ||||| |||| 00| 0 eng d
020 _a9781933199429
041 _aeng
080 _a316
082 _a316
100 _a50
101 _aSOC
245 _aThe Social Current Monitoring and Analyzing Conversations in Social Media
_cAllie Siarto
942 _2udc
_cBK
999 _c56855
_d56855